Toeic test of English for international communication (Kèm theo CD 1-2-3/883-88)

Saved in:
Bibliographic Details
Format: Book
Published: 2007
Tags: Add Tag
No Tags, Be the first to tag this record!
Institutions: Mạng thư viện Đại học Đà Nẵng
LEADER 00495nam a22001811a 4500
001 000038518
003 14813
005 20160412021322.0
008 160412s2007 000
082 |a 4A(07)2663-64 
245 |a Toeic test of English for international communication (Kèm theo CD 1-2-3/883-88)  |c Dr Lin Lougheed 
260 |c 2007 
OWN |a LNN 
999 |a From the UDN01 
TYP |a Monograph 
980 |a Mạng thư viện Đại học Đà Nẵng